Países que mais consomem carne no mundo - Statistics

Estatísticas Gerais
  • Esse quiz foi jogado 366 vezes
  • A pontuação média é 11 de 15
Estatísticas das Respostas
Ranking País % Correto
BRASIL
99%
15° CHINA
97%
ARGENTINA
95%
CANADÁ
90%
ESTADOS UNIDOS
89%
13° RÚSSIA
88%
AUSTRÁLIA
87%
CHILE
75%
URUGUAI
71%
NOVA ZELÂNDIA
69%
11° ÁFRICA DO SUL
63%
14° CORÉIA DO SUL
56%
12° ARÁBIA SAUDITA
53%
ISRAEL
30%
10° MALÁSIA
28%
Nenhum quiz correspondente encontrado
Distribuição das Pontuações
Porcentagem de Pessoas com Cada Pontuação
Percentil de Números Respondidos
Sua Pontuação Histórica
Você não jogou esse quiz